| 000 | 00699nam a22001097a 4500 | ||
|---|---|---|---|
| 008 | 170327b xxu||||| |||| 00| 0 eng d | ||
| 100 | _aMiller, George | ||
| 245 | _aPicture postcards in the United States, 1893-1918 | ||
| 260 |
_aNew York _bClarkson N. Potter _c1976 |
||
| 650 | _aUnited States | Post Cards | 1893-1918 | 20th Century | 19th Century | Prices and Values | Postal Stationery | Cards | Exhibitions | Seals, Labels, and Souvenirs | Souvenir Cards | World's Columbian Exposition (1893: Chicago, Ill.) | Advertising Cards | Anniversaries, Celebrations, etc. | Artists and Designers | Patriotic Cards | Greeting Cards | History | Bibliographies | United States in art | ||
| 700 | _aMiller, Dorothy | ||
| 999 |
_c2329 _d2329 |
||